Uninvited : classical Hollywood cinema and lesbian representability /
Gespeichert in:
| 1. Verfasser: | |
|---|---|
| Format: | Buch |
| Sprache: | Englisch |
| Veröffentlicht: |
Bloomington ; Indianapolis :
Indiana University press,
c1999
|
| Schriftenreihe: | Theories of representation and difference De Lauretis
|
| Tags: |
Keine Tags, Fügen Sie das erste Tag hinzu!
|
MARC
| LEADER | 00000nam a22000007i 4500 | ||
|---|---|---|---|
| 001 | IT\ICCU\UBO\1301529 | ||
| 003 | ItRI | ||
| 005 | 20260115231814.0 | ||
| 008 | 010604s1999 xxu|||||| ||||| |||||c | ||
| 020 | |a 0253213452 | ||
| 040 | |b ita |c importazione bologna sebina | ||
| 041 | 7 | |a eng |2 ISO-639-2 | |
| 100 | 1 | |a White, Patricia |0 IT\ICCU\UBOV\506130 |4 aut | |
| 240 | 1 | 0 | |a Uninvited |3 IT\ICCU\UBO\4809402 |9 White, Patricia |
| 245 | 1 | 0 | |a Uninvited : |b classical Hollywood cinema and lesbian representability / |c Patricia White. |
| 260 | |a Bloomington ; |a Indianapolis : |b Indiana University press, |c c1999 | ||
| 300 | |a XXIV, 269 p. : |b ill. ; |c 24 cm. | ||
| 830 | 0 | |a Theories of representation and difference |a De Lauretis |0 IT\ICCU\VEA\0033130 | |
| 942 | |2 ddc |c BK |n 0 | ||
| 952 | |0 0 |1 0 |4 0 |6 L_791_436000000000000_WHI |7 0 |9 13058 |a BO |b BO |d 2026-01-15 |i 20176 |l 0 |o L 791.436 WHI |p BO20176 |r 2026-01-15 23:18:14 |w 2026-01-15 |x [Sebina 5] [1 v.] |y BK |z 1 v. | ||
| 999 | |c 11189 |d 11189 | ||